000 00631nam a2200169 a 4500
008 151214s2006 ||||||||||||||||| || u
020 _a8180615944
050 _aRD 31 Ebn
100 _aEbnezar, John
245 1 0 _aTextbook of orthopaedics. (3rd ed.)
_cBy John Ebnezar
250 _a3rd ed.
260 _aNew Delhi
_bJaypee Brothers Medical publishers
_c2006
300 _axxi, 636p.: ill.
350 _a24.40
650 _aORTHOPAEDICS--METHODS
995 _aMEDICAL LIBRARY OPEN ACCESS
_e903204
_FCBU-SCHOOL OF MEDICINE LIBRARY (Ndola)
_I24.40
_jRD 31 Ebn
_M1
_UAVAILABLE
_WDec 16, 2015
_y903204
_ZMedical Library Open Access Collection
999 _c32897
_d32897